| 000 | 00546nam a2200205Ia 4500 | ||
|---|---|---|---|
| 005 | 20250425162815.0 | ||
| 008 | 250425s9999 xx 000 0 und d | ||
| 020 | _a9780070702424 | ||
| 041 | _aeng | ||
| 082 |
_a551.48 _pCHO |
||
| 100 | _aChow, Ven Te | ||
| 245 | 0 |
_aApplied hydrology _cVen Te Chow; David R. Maidment; Larry W. Mays |
|
| 260 |
_aChennai _bMcGraw-Hill _c1988 |
||
| 300 |
_a572 páginas _c22.5 cm. |
||
| 650 | _aHidrologĂa | ||
| 700 | _aMaidement, David R. | ||
| 700 | _aMays, Larry W. | ||
| 942 | _c01 | ||
| 010 | _a109384 | ||
| 999 |
_c236828 _d236828 |
||